University Home | Library Home | Institutional Repository

American Indian fiction / (Record no. 136910)

MARC details
000 -LEADER
fixed length control field 01178cam9a220028900 4500
001 - CONTROL NUMBER
control field lce00431108
008 - FIXED-LENGTH DATA ELEMENTS--GENERAL INFORMATION
fixed length control field 780418s1978 nmu b 001 0 eng
010 ## - LIBRARY OF CONGRESS CONTROL NUMBER
LC control number 78055698
020 ## - INTERNATIONAL STANDARD BOOK NUMBER
Terms of availability
-- .50
035 ## - SYSTEM CONTROL NUMBER
System control number (Sirsi) r9992
035 ## - SYSTEM CONTROL NUMBER
System control number (DLC) 78055698
035 ## - SYSTEM CONTROL NUMBER
System control number (UPRA)lce00431108
043 ## - GEOGRAPHIC AREA CODE
Geographic area code n-us---
050 0# - LIBRARY OF CONGRESS CALL NUMBER
Classification number PS153.I52
Item number L3
082 ## - DEWEY DECIMAL CLASSIFICATION NUMBER
Classification number 813/.009
100 1# - MAIN ENTRY--PERSONAL NAME
Personal name Larson, Charles R.
Linkage A63435.1
245 10 - TITLE STATEMENT
Title American Indian fiction /
Statement of responsibility, etc. Charles R. Larson.
250 ## - EDITION STATEMENT
Edition statement 1st ed.
260 ## - PUBLICATION, DISTRIBUTION, ETC.
Place of publication, distribution, etc. Albuquerque :
Name of publisher, distributor, etc. University of New Mexico Press,
Date of publication, distribution, etc. c1978.
500 ## - GENERAL NOTE
General note Includes index.
504 ## - BIBLIOGRAPHY, ETC. NOTE
Bibliography, etc. note Bibliography: p. 201-204.
650 #0 - SUBJECT ADDED ENTRY--TOPICAL TERM
Topical term or geographic name entry element American fiction -- Indian authors -- History and criticism.
General subdivision American fiction -- Indian authors -- History and criticism.
-- American fiction -- Indian authors -- History and criticism.
Linkage S49279.1
650 #0 - SUBJECT ADDED ENTRY--TOPICAL TERM
Topical term or geographic name entry element American fiction -- 20th century -- History and criticism.
Chronological subdivision American fiction -- 20th century -- History and criticism.
General subdivision American fiction -- 20th century -- History and criticism.
Linkage S17078.1
650 #0 - SUBJECT ADDED ENTRY--TOPICAL TERM
Topical term or geographic name entry element Indians in literature.
Linkage S49280.1
949 ## - LOCAL PROCESSING INFORMATION (OCLC)
a PS153.I52
w lcc
i -1669
m MAIN
t BOOK
l ON-SHELF

No items available.

© 2026 - The University of Zambia Library - Koha v25.11